Inchiesta sulla vita sessuale della donna europea /

Uloženo v:
Podrobná bibliografie
Hlavní autor: Lanval, Marc (Autor)
Další autoři: Pavolini Frojo, Laura
Médium: Kniha
Jazyk:italština
Vydáno: Firenze : Pavolini, [1952]
Tagy: Přidat tag
Žádné tagy, Buďte první, kdo vytvoří štítek k tomuto záznamu!

MARC

LEADER 00000nam a22000007i 4500
001 IT\ICCU\CUB\0359336
003 ItRI
005 20250921132245.0
008 971211s1952 it |||||| ||||| |||||c
015 |2 IT  |a 1952 10058 
024 7 0 |a 319915  |2 cubi 
040 |b ita  |c ct 
041 7 |a ita  |2 ISO-639-2 
100 1 |a Lanval, Marc  |0 IT\ICCU\CUBV\087711  |4 aut 
240 1 2 |a L'amour sous la masque.  |9 Lanval, Marc 
245 1 0 |a Inchiesta sulla vita sessuale della donna europea /  |c Marc Lanval ; traduzione [dal francese] di Laura Pavolini Frojo. 
260 |a Firenze :  |b Pavolini,  |c [1952] 
300 |a 189 p. ;  |c 21 cm 
700 1 |a Pavolini Frojo, Laura  |0 IT\ICCU\CUBV\083284 
942 |2 ddc  |c BK 
952 |0 0  |1 0  |2 ddc  |4 0  |6 B_SSA03LANMAVIT11  |7 1  |9 8488  |a MI  |b MI  |d 2006-01-07  |i 1438  |l 0  |o B-SSA03-LANMA-VIT11  |p CDOM1438  |r 2025-07-17 21:50:00  |w 2025-07-17  |y BK 
981 1 |6 z01  |a i   |b xxxe  
982 1 |6 z01  |a n 
999 |c 7071  |d 7071